[Event "Mistrovstvi CR junioru a dorostencu 2021"]
[Site "Kouty nad Desnou"]
[Date "2021.06.27"]
[Round "9"]
[White "Skalsky, Alexandr"]
[Black "Sprenar, Petr"]
[Result "1/2-1/2"]
[WhiteElo "2172"]
[BlackElo "2259"]
[EventDate "2021.06.21"]

1. e4  c5  2. Nf3  Nc6  3. Nc3  e6  4. d4  cxd4  5. Nxd4  Qc7  6. Be3  a6  7. Qf3  Nf6  8. O-O-O  Ne5  9. Qg3  b5  10. f4  Neg4  11. Bg1  h5  12. e5  b4  13. Na4  Nd5  14. h3  Nh6  15. Bd3  Bb7  16. f5  Be7  17. Qxg7  Rg8  18. Qh7  Qxe5  19. fxe6  dxe6  20. Kb1  Nf4  21. Bh2  Rh8  22. Bxf4  Qxd4  23. Be3  Qe5  24. Bf4  Qd4  25. Be3  Qe5  26. Bf4  Qd4  27. Be3  Qe5  1/2-1/2

[Event "Mistrovstvi CR junioru a dorostencu 2021"]
[Site "Kouty nad Desnou"]
[Date "2021.06.27"]
[Round "9"]
[White "Frank, Adam"]
[Black "Mladek, Richard"]
[Result "1/2-1/2"]
[WhiteElo "2238"]
[BlackElo "2291"]
[EventDate "2021.06.21"]

1. e4  e5  2. Nf3  Nc6  3. Bb5  a6  4. Ba4  Nf6  5. O-O  Be7  6. Re1  b5  7. Bb3  d6  8. c3  O-O  9. h3  Nb8  10. d4  Nbd7  11. a4  Bb7  12. Nbd2  Re8  13. Bc2  Bf8  14. Nf1  g6  15. Ng3  c5  16. d5  c4  17. Be3  Qc7  18. Ra3  Nc5  19. Qd2  Nfd7  20. Bh6  Be7  21. Rea1  Nb6  22. axb5  axb5  23. Qe3  Rxa3  24. Rxa3  Nba4  25. Ra2  Bf6  26. Nh2  Bc8  27. Qf3  Qe7  28. Be3  Bg5  29. Bxc5  Nxc5  30. Ra5  Qb7  31. Ng4  Kg7  32. Ne3  Bd7  33. Ngf1  Ra8  34. Rxa8  Qxa8  35. Qd1  Qa2  36. Qc1  h5  37. Nd2  Bc8  38. Qb1  Qa5  39. Kh2  Ba6  40. Qe1  Bxe3  41. fxe3  b4  42. Nxc4  Qc7  43. Nd2  bxc3  44. bxc3  Nd3  45. Qa1  Qb6  46. c4  Qxe3  47. Bxd3  Qxd3  48. Qxa6  1/2-1/2

[Event "Mistrovstvi CR junioru a dorostencu 2021"]
[Site "Kouty nad Desnou"]
[Date "2021.06.27"]
[Round "9"]
[White "Ludvik, Tomas"]
[Black "Kusa, Jakub"]
[Result "1-0"]
[WhiteElo "2203"]
[BlackElo "2316"]
[EventDate "2021.06.21"]

1. d4  Nf6  2. c4  e6  3. Nf3  d5  4. Nc3  Nbd7  5. Bf4  dxc4  6. e3  b5  7. Nxb5  Bb4+  8. Nc3  Nd5  9. Rc1  N7b6  10. Be5  O-O  11. Be2  Bb7  12. O-O  c5  13. Na4  f6  14. Bg3  Nxa4  15. Qxa4  c3  16. dxc5  cxb2  17. Rc2  a5  18. Qb3  Qe7  19. Bd6  Qd7  20. a3  Bc6  21. axb4  Ba4  22. Qxb2  Bxc2  23. Bxf8  Nxb4  24. Bd6  1-0

[Event "Mistrovstvi CR junioru a dorostencu 2021"]
[Site "Kouty nad Desnou"]
[Date "2021.06.27"]
[Round "9"]
[White "Svanda, Ondrej"]
[Black "Mica, Marek"]
[Result "1-0"]
[WhiteElo "2300"]
[BlackElo "2274"]
[EventDate "2021.06.21"]

1. c4  Nf6  2. Nf3  e6  3. g3  d5  4. Bg2  dxc4  5. Qa4+  Nbd7  6. Qxc4  a6  7. Qc2  c5  8. O-O  b5  9. Ne5  Nd5  10. Nxd7  Qxd7  11. Nc3  Bb7  12. Nxd5  exd5  13. d4  c4  14. e4  Be7  15. e5  O-O  16. f4  f5  17. Be3  g6  18. h3  Bd8  19. Kh2  Bb6  20. Bf3  h5  21. g4  hxg4  22. hxg4  Kf7  23. Kg3  Rh8  24. Rh1  Rag8  25. Rag1  Bc8  26. Qg2  Bb7  27. Kf2  Rxh1  28. Rxh1  Qe6  29. Rh7+  Rg7  30. gxf5  Qxf5  31. Bxd5+  Kf8  32. Rh8+  Ke7  33. Bxb7  Bxd4  34. Bxd4  Qxf4+  35. Ke2  Rf7  36. Bc5+  Ke6  37. Qd5+  1-0

[Event "Mistrovstvi CR junioru a dorostencu 2021"]
[Site "Kouty nad Desnou"]
[Date "2021.06.27"]
[Round "9"]
[White "Stalmach, Richard"]
[Black "Nagy, Ladislav"]
[Result "1-0"]
[WhiteElo "2296"]
[BlackElo "2177"]
[EventDate "2021.06.21"]

1. d4  Nf6  2. c4  e6  3. Nc3  Bb4  4. Nf3  c5  5. g3  Nc6  6. Bg2  d6  7. O-O  O-O  8. d5  Ne7  9. Ne1  Bxc3  10. bxc3  e5  11. e4  Nd7  12. Nd3  f5  13. f4  fxe4  14. Bxe4  Nf6  15. Bg2  exf4  16. Nxf4  Bg4  17. Qe1  Nc8  18. Ne6  Bxe6  19. dxe6  Qe7  20. Bg5  Nb6  21. Bd5  Rab8  22. Bxf6  Rxf6  23. Rxf6  gxf6  24. a4  Na8  25. Qf2  Nc7  26. Rf1  Kg7  27. Qf5  b6  28. Rf4  Rh8  29. Rg4+  Kf8  30. Qh5  h6  31. Qg6  Ne8  32. Qf7+  Qxf7  33. exf7  Ng7  34. Rg6  f5  35. Kf2  Rh7  36. Rxd6  1-0

[Event "Mistrovstvi CR junioru a dorostencu 2021"]
[Site "Kouty nad Desnou"]
[Date "2021.06.27"]
[Round "9"]
[White "Nemec, Jachym"]
[Black "Sramek, Vojtech"]
[Result "1/2-1/2"]
[WhiteElo "2197"]
[BlackElo "2194"]
[EventDate "2021.06.21"]

1. d4  d5  2. c4  e6  3. Nf3  a6  4. cxd5  exd5  5. Nc3  Nf6  6. Bg5  Be6  7. e3  Nbd7  8. Bd3  Bd6  9. Qc2  c6  10. O-O  h6  11. Bh4  O-O  12. Rab1  c5  13. dxc5  Bxc5  14. Rfd1  Rc8  15. a3  Ba7  16. Bf5  Qa5  17. Rbc1  Rc4  18. Bg3  Rd8  19. Nd2  Bxf5  20. Qxf5  Rcc8  21. Qb1  Nf8  22. Nb3  Qb6  23. Nd4  Ne6  24. Be5  Ng4  25. Nxe6  Qxe6  26. Bd4  Bb8  27. h3  Ne5  28. Ne2  Ng6  29. Rxc8  Rxc8  30. Rc1  Rxc1+  31. Qxc1  Nh4  32. Qc2  Nf5  33. Qc5  Kh7  34. Nc3  Ne7  35. g3  h5  36. h4  Bd6  37. Qb6  Qd7  38. Qb3  Qc6  39. Qd1  g6  40. Qf3  f5  41. Kg2  Bc5  42. Be5  Qe6  43. Bf4  Bd6  44. Bg5  Be5  45. Bxe7  Bxc3  46. bxc3  Qxe7  47. Qxd5  b5  48. Qb3  Qe4+  49. Kg1  Qd3  50. Qf7+  Kh6  51. Qf6  Kh7  52. Qd4  Qb1+  53. Kg2  Qb3  54. Qc5  Qe6  55. Qc7+  Kg8  56. Qb7  Qf6  57. Qc7  Qe6  58. Qb7  Qd6  59. e4  fxe4  60. Qxe4  Kh7  61. Qb4  Qd5+  62. Kh2  Qe5  63. Kg1  Qe1+  64. Kg2  Qe6  65. Qc5  Qe4+  66. Kf1  Kg8  67. Qc8+  Kh7  68. Qc7+  Kg8  69. Qd8+  Kh7  70. Qf6  Qb1+  71. Kg2  Qe4+  72. Kh2  Qe1  73. Qf7+  Kh8  74. Kg2  Qe4+  75. Kg1  Qb1+  76. Kg2  Qe4+  77. Kh2  Qe1  78. Qf8+  Kh7  79. Qc5  Qe6  80. Qa7+  Kg8  81. Qb8+  Kh7  82. Qc7+  Kg8  83. Qd8+  Kh7  84. Qd4  Qa2  85. Qc5  Qe6  86. Kg2  Qe4+  87. Kf1  Kg8  88. Qd4  Qb1+  89. Kg2  Qb3  90. Qc5  1/2-1/2

[Event "Mistrovstvi CR junioru a dorostencu 2021"]
[Site "Kouty nad Desnou"]
[Date "2021.06.28"]
[Round "10"]
[White "Sprenar, Petr"]
[Black "Sramek, Vojtech"]
[Result "1/2-1/2"]
[WhiteElo "2259"]
[BlackElo "2194"]
[EventDate "2021.06.21"]

1. d4  Nf6  2. Nc3  d6  3. e4  g6  4. f4  Bg7  5. Nf3  c5  6. Bb5+  Bd7  7. e5  Ng4  8. e6  fxe6  9. Ng5  Bxb5  10. Nxe6  Bxd4  11. Nxd8  Bf2+  12. Kd2  Be3+  13. Ke1  Bf2+  14. Kd2  Be3+  15. Ke1  1/2-1/2

[Event "Mistrovstvi CR junioru a dorostencu 2021"]
[Site "Kouty nad Desnou"]
[Date "2021.06.28"]
[Round "10"]
[White "Nagy, Ladislav"]
[Black "Nemec, Jachym"]
[Result "1/2-1/2"]
[WhiteElo "2177"]
[BlackElo "2197"]
[EventDate "2021.06.21"]

1. e4  c5  2. Nf3  d6  3. d4  cxd4  4. Qxd4  Nc6  5. Bb5  Bd7  6. Bxc6  Bxc6  7. Nc3  Nf6  8. Bg5  e6  9. O-O-O  Be7  10. Qd3  O-O  11. Nd4  Qa5  12. Bd2  Rfc8  13. f4  Rab8  14. g4  b5  15. Nxc6  Rxc6  16. Nd5  Qd8  17. Nxe7+  Qxe7  18. Bb4  Qb7  19. Bxd6  Rbc8  20. Be5  Rxc2+  21. Qxc2  Rxc2+  22. Kxc2  Qxe4+  23. Kc1  Nd5  24. Rhe1  Qc4+  25. Kb1  f6  26. Bd6  h6  27. Ka1  Nxf4  28. Bxf4  Qxf4  29. Rxe6  Qxg4  30. Red6  a5  31. a3  Qe2  32. R6d2  Qc4  33. Rd4  Qc7  34. R1d2  h5  35. h4  Kh7  36. Kb1  Qe5  37. Ka2  f5  38. b3  Qg3  39. Rd5  Qc3  40. Rb2  g6  41. Rxb5  f4  42. a4  Kg7  43. Rd5  Kf6  44. Rbd2  Ke6  45. R5d3  Qc6  46. Rf2  Qh1  47. Rdf3  Qxh4  48. Rxf4  Qg3  49. R4f3  Qe5  50. Rf8  Qc3  51. Re2+  Kd7  52. Rf7+  Kd6  53. Rf8  Kd7  54. Rf7+  Kd8  1/2-1/2

[Event "Mistrovstvi CR junioru a dorostencu 2021"]
[Site "Kouty nad Desnou"]
[Date "2021.06.28"]
[Round "10"]
[White "Mica, Marek"]
[Black "Stalmach, Richard"]
[Result "1/2-1/2"]
[WhiteElo "2274"]
[BlackElo "2296"]
[EventDate "2021.06.21"]

1. d4  Nf6  2. c4  g6  3. Nc3  Bg7  4. e4  d6  5. Be2  O-O  6. Nf3  e5  7. d5  a5  8. Bg5  h6  9. Be3  Ng4  10. Bd2  f5  11. h3  Nf6  12. exf5  gxf5  13. Qc1  f4  14. g3  e4  15. Nh4  e3  16. fxe3  fxg3  17. Ng6  Re8  18. Nf4  Bf5  19. Rg1  Na6  20. Rxg3  Nb4  21. Kf2  Qe7  22. Qh1  Kh7  23. Rag1  Rg8  24. Ke1  Rae8  25. a3  Nc2+  26. Kd1  Na1  27. Qf3  Ref8  28. Ng6  Bxg6  29. Rxg6  Kh8  30. Bd3  Nb3  31. Bc2  Nxd2  32. Kxd2  Nh7  33. Qe4  Qxe4  34. Bxe4  Ng5  35. Ke2  Rf6  36. Rxf6  Bxf6  37. Bf5  Rf8  38. e4  Re8  39. h4  Nf7  40. Rg6  Bg7  41. Nb5  Bxb2  42. Nxc7  Rg8  43. Re6  Rg2+  44. Kf1  Rc2  45. Re7  Ne5  46. Ne6  Rc1+  47. Ke2  Rc2+  48. Kd1  Rc1+  49. Ke2  Rc2+  50. Kd1  Rc1+  51. Kd2  Nxc4+  52. Ke2  Rc2+  53. Kf3  Ne5+  54. Kf4  Rg2  55. Ke3  Bc1+  56. Kd4  Bb2+  57. Ke3  Bc1+  58. Kd4  Bb2+  59. Ke3  1/2-1/2

[Event "Mistrovstvi CR junioru a dorostencu 2021"]
[Site "Kouty nad Desnou"]
[Date "2021.06.28"]
[Round "10"]
[White "Kusa, Jakub"]
[Black "Svanda, Ondrej"]
[Result "1-0"]
[WhiteElo "2316"]
[BlackElo "2300"]
[EventDate "2021.06.21"]

1. e4  c5  2. Nf3  d6  3. Bb5+  Nd7  4. a4  Nf6  5. Nc3  g6  6. a5  Bg7  7. O-O  a6  8. Bc4  O-O  9. Re1  b5  10. axb6  Bb7  11. d3  Nxb6  12. Bb3  Nfd7  13. Nd5  Nxd5  14. Bxd5  Qb6  15. Bxb7  Qxb7  16. Ra2  a5  17. b3  Nb6  18. c4  Rfb8  19. Bd2  Nd7  20. Ra3  Ra6  21. Qc2  Rb6  22. Bxa5  Rxb3  23. Rxb3  Qxb3  24. Qxb3  Rxb3  25. Rd1  Nb8  26. Kf1  Nc6  27. Be1  Nb4  28. Ke2  Na2  29. Ba5  f5  30. exf5  Bc3  31. Bd8  Rb8  32. Bc7  Rb7  33. Bd8  Kf8  34. d4  Ke8  35. fxg6  hxg6  36. dxc5  Kxd8  37. cxd6  Ke8  38. dxe7  Rxe7+  39. Kd3  Rc7  40. Kc2  Bf6  41. Kb3  Nc3  42. Re1+  Re7  43. Rxe7+  Kxe7  44. Nd2  Ne2  45. Kc2  Nf4  46. g3  Nh3  47. f4  Bd4  48. Kd3  Bc5  49. Ke4  Ke6  50. Kf3  Nf2  51. h4  Nd3  52. Ne4  Be7  53. Kg4  Nc5  54. Nxc5+  Bxc5  55. Kg5  Kf7  56. h5  gxh5  57. Kxh5  Kf6  58. Kg4  Ke6  59. Kf3  Kf5  60. g4+  Kf6  61. Ke4  Bd6  62. f5  Kg5  63. Kd5  Be7  64. c5  Bd8  65. c6  1-0

[Event "Mistrovstvi CR junioru a dorostencu 2021"]
[Site "Kouty nad Desnou"]
[Date "2021.06.28"]
[Round "10"]
[White "Mladek, Richard"]
[Black "Ludvik, Tomas"]
[Result "1-0"]
[WhiteElo "2291"]
[BlackElo "2203"]
[EventDate "2021.06.21"]

1. Nf3  d5  2. g3  Nf6  3. Bg2  c6  4. O-O  Bf5  5. c4  e6  6. cxd5  exd5  7. d3  Be7  8. Qb3  Qb6  9. Qc2  Nbd7  10. Nc3  O-O  11. e4  dxe4  12. dxe4  Bg6  13. Nh4  Rfe8  14. Be3  Qa6  15. Rfd1  Bh5  16. f3  Bc5  17. Qf2  Bxe3  18. Qxe3  Ne5  19. Nf5  Qb6  20. g4  Bg6  21. Qxb6  axb6  22. Nd6  Re7  23. h3  h5  24. f4  Ned7  25. e5  Ne8  26. Nxb7  Rc8  27. Nd6  Nxd6  28. Rxd6  Nb8  29. Na4  Rb7  30. Kf2  Kf8  31. Kg3  Ke7  32. f5  Bh7  33. Rc1  b5  34. Nc5  Ra7  35. a3  hxg4  36. hxg4  Rac7  37. Rcd1  Bg8  38. g5  f6  39. exf6+  gxf6  40. Rxf6  Nd7  41. Re1+  Kd8  42. Rd6  1-0

[Event "Mistrovstvi CR junioru a dorostencu 2021"]
[Site "Kouty nad Desnou"]
[Date "2021.06.28"]
[Round "10"]
[White "Skalsky, Alexandr"]
[Black "Frank, Adam"]
[Result "1-0"]
[WhiteElo "2172"]
[BlackElo "2238"]
[EventDate "2021.06.21"]

1. e4  e5  2. Nf3  Nc6  3. Bb5  a6  4. Bxc6  dxc6  5. O-O  Bg4  6. h3  Bh5  7. d3  Bd6  8. Be3  Qf6  9. Nbd2  Ne7  10. g4  Bg6  11. d4  h5  12. dxe5  Bxe5  13. g5  Qe6  14. Nxe5  Qxe5  15. f4  Qxb2  16. Rb1  Qxa2  17. f5  O-O-O  18. Qc1  Bxf5  19. exf5  Qd5  20. Qb2  c5  21. c4  Qc6  22. Qxg7  Rhe8  23. Qxf7  Kb8  24. Bf4  Nc8  25. Rbe1  Rf8  26. Qe6  Nd6  27. Bxd6  Rxd6  28. Qe3  Rfd8  29. Nf3  Rd3  30. Qf4  h4  31. Ne5  1-0

[Event "Mistrovstvi CR junioru a dorostencu 2021"]
[Site "Kouty nad Desnou"]
[Date "2021.06.29"]
[Round "11"]
[White "Frank, Adam"]
[Black "Sprenar, Petr"]
[Result "1-0"]
[WhiteElo "2238"]
[BlackElo "2259"]
[EventDate "2021.06.21"]

1. e4  c5  2. Nf3  e6  3. d4  cxd4  4. Nxd4  Nc6  5. Nc3  Qc7  6. Be3  a6  7. Qf3  Nf6  8. O-O-O  Ne5  9. Qg3  b5  10. f4  Neg4  11. Bg1  h5  12. e5  b4  13. Na4  Nd5  14. h3  Nh6  15. f5  Bb7  16. b3  Be7  17. Bc4  h4  18. Qe1  Nf4  19. Rh2  Bg5  20. Kb1  Nxg2  21. Rxg2  Bxg2  22. Qe2  Bxh3  23. Qf3  O-O  24. Qxh3  exf5  25. Nf3  Be7  26. Nb6  1-0

[Event "Mistrovstvi CR junioru a dorostencu 2021"]
[Site "Kouty nad Desnou"]
[Date "2021.06.29"]
[Round "11"]
[White "Ludvik, Tomas"]
[Black "Skalsky, Alexandr"]
[Result "0-1"]
[WhiteElo "2203"]
[BlackElo "2172"]
[EventDate "2021.06.21"]

1. d4  g6  2. e4  Bg7  3. Nc3  d6  4. Be3  a6  5. a4  Nf6  6. h3  Nc6  7. Nf3  O-O  8. Bc4  Nxe4  9. Nxe4  d5  10. Bd3  dxe4  11. Bxe4  Nb4  12. O-O  f5  13. Bd3  Nxd3  14. Qxd3  f4  15. Bd2  Qd5  16. c4  Bf5  17. Qb3  Qd7  18. Bxf4  Bxh3  19. Bg3  Bg4  20. Ne5  Qxd4  21. c5+  e6  22. Nxg4  Qxg4  23. Rae1  Rae8  24. Bxc7  Bd4  25. Bd6  Rf7  26. Qc2  e5  27. Re4  Qd7  28. b4  Re6  29. Qc4  Ref6  30. Rxd4  exd4  31. b5  axb5  32. axb5  Rf5  33. b6  d3  34. f3  d2  35. Rd1  Qe8  36. Bg3  Rg5  37. Bf2  Qd7  38. Be3  Rd5  39. Kf2  Kf8  40. Qc3  Kg8  41. Rxd2  Rxd2+  42. Bxd2  Qe6  43. Be3  Rd7  44. Qc2  Qd5  45. Qc3  Rf7  46. Qb4  h5  47. Qh4  Qa2+  48. Kg3  Qe6  49. Kf2  Re7  50. Qf4  Qe5  51. Qc4+  Qe6  52. Qf4  Qe5  53. Qc4+  Kh7  54. Bd2  Rd7  55. Be3  Qf6  56. Qe4  Re7  57. Qd5  Qh4+  58. Kf1  Qa4  59. Qg5  Qd1+  60. Kf2  Qc2+  61. Kg1  Rd7  62. Qh6+  Kg8  63. Qf4  Qc3  64. Kf2  Qc2+  65. Kg1  Qc3  66. Kf2  Qb2+  67. Kg1  Qg7  68. Kf2  Qf7  69. Qe5  Qd5  70. Qf6  Kh7  71. Qf4  Qf7  72. Qe5  Rd5  73. Qe4  Qd7  74. Kg1  Rd1+  75. Kf2  Rd5  76. Kg1  Rf5  77. Qh4  Qd5  78. Kf2  Re5  79. Qh2  Qa2+  80. Kg1  Qb1+  81. Kf2  Qb2+  82. Kf1  Rxe3  83. Qc7+  Qg7  84. c6  bxc6  85. Qxc6  Qa1+  86. Kf2  Qe1#  0-1

[Event "Mistrovstvi CR junioru a dorostencu 2021"]
[Site "Kouty nad Desnou"]
[Date "2021.06.29"]
[Round "11"]
[White "Svanda, Ondrej"]
[Black "Mladek, Richard"]
[Result "1/2-1/2"]
[WhiteElo "2300"]
[BlackElo "2291"]
[EventDate "2021.06.21"]

1. d4  Nf6  2. c4  e6  3. Nc3  Bb4  4. e3  O-O  5. Bd3  d5  6. cxd5  exd5  7. Ne2  Re8  8. O-O  Bf8  9. Qc2  b6  10. b3  Bb7  11. Rd1  Nbd7  12. a4  a6  13. Ba3  Bxa3  14. Rxa3  Qe7  15. Raa1  g6  16. Qb2  c5  17. a5  b5  18. dxc5  Nxc5  19. Nd4  Nxd3  20. Rxd3  Rac8  21. Rdd1  Ng4  22. Rd3  Qb4  23. Nce2  Rc7  24. Qa3  Qxa3  25. Rxa3  Kf8  26. Ra1  Ke7  27. Rc3  Rxc3  28. Nxc3  Kd6  29. Na2  Ne5  30. Kf1  Nd3  31. Rd1  Nc5  32. Ke2  Bc8  33. Nb4  Nb7  34. Nxa6  Bd7  35. Nb4  Nxa5  36. Ra1  Kc5  37. Nd3+  Kb6  38. b4  Nc6  39. Nxc6  Bxc6  40. Nc5  d4  41. Ra6+  Kc7  42. Ra7+  Kd6  43. Rxf7  dxe3  44. fxe3  Bxg2  45. Rxh7  Kd5  46. Rh4  Ra8  47. Rd4+  Ke5  48. Nd3+  Kf5  49. Kf2  Ra2+  50. Kg3  g5  51. Nf2  Bc6  52. h4  Re2  53. hxg5  1/2-1/2

[Event "Mistrovstvi CR junioru a dorostencu 2021"]
[Site "Kouty nad Desnou"]
[Date "2021.06.29"]
[Round "11"]
[White "Stalmach, Richard"]
[Black "Kusa, Jakub"]
[Result "1/2-1/2"]
[WhiteElo "2296"]
[BlackElo "2316"]
[EventDate "2021.06.21"]

1. d4  Nf6  2. c4  e6  3. Nf3  d5  4. Nc3  Nbd7  5. Bf4  dxc4  6. e3  b5  7. Nxb5  Bb4+  8. Nc3  Nd5  9. a3  Nxc3  10. Qd2  Nd5  11. axb4  Nxf4  12. exf4  Bb7  13. Be2  O-O  14. O-O  Nb6  15. Ra5  Qd6  16. Rd1  Rfb8  17. Ne5  Bd5  18. Rda1  Rb7  19. Rc5  Rab8  20. Ra6  Qd8  21. f5  Nd7  22. Nxd7  Qxd7  23. fxe6  fxe6  24. Bxc4  Rxb4  25. Bxd5  exd5  26. h3  Rxb2  27. Qf4  Rf8  28. Rxc7  Rxf4  29. Rxd7  Rfxf2  30. Rd8+  Rf8  31. Rxd5  Rb7  32. Kh2  g6  33. Ra3  Kg7  34. Kg3  Rff7  35. Rd6  Rbd7  36. Rxd7  Rxd7  37. Ra4  Rf7  38. Kg4  h5+  39. Kg3  Kh6  40. Ra6  Rd7  41. Ra4  Rf7  42. Ra5  Rd7  43. Ra4  Rf7  44. h4  Kg7  45. Ra5  Rd7  46. d5  Rf7  47. Ra3  Kf8  48. Ra6  Kg7  49. Rd6  Rf5  50. Rd8  a5  51. d6  a4  52. Rd7+  1/2-1/2

[Event "Mistrovstvi CR junioru a dorostencu 2021"]
[Site "Kouty nad Desnou"]
[Date "2021.06.29"]
[Round "11"]
[White "Nemec, Jachym"]
[Black "Mica, Marek"]
[Result "0-1"]
[WhiteElo "2197"]
[BlackElo "2274"]
[EventDate "2021.06.21"]

1. d4  Nf6  2. c4  e6  3. Nf3  d5  4. Nc3  dxc4  5. e3  a6  6. a4  c5  7. Bxc4  Nc6  8. d5  exd5  9. Nxd5  Be6  10. Nxf6+  Qxf6  11. Qe2  Bd6  12. O-O  O-O  13. Bd2  Rad8  14. Bc3  Ne5  15. Bxe6  Qxe6  16. Bxe5  Bxe5  17. Rac1  Bd6  18. a5  Rd7  19. Rc4  h6  20. Re1  Rfd8  21. e4  Bf8  22. Rec1  Rd1+  23. Rxd1  Rxd1+  24. Qxd1  Qxc4  25. e5  Qa2  26. Qd2  Qb1+  27. Ne1  Qe4  28. Nf3  Qb1+  29. Ne1  Qe4  30. Nf3  c4  31. h3  Bc5  32. Qd8+  Kh7  33. Qd7  Kg6  34. h4  Qb1+  35. Kh2  Qf5  36. Qxb7  Kh7  37. Qd5  Bxf2  38. Qxc4  g5  39. hxg5  hxg5  40. Qe4  Kg6  41. Qc6+  Kg7  42. Qc1  Qh7+  0-1

[Event "Mistrovstvi CR junioru a dorostencu 2021"]
[Site "Kouty nad Desnou"]
[Date "2021.06.29"]
[Round "11"]
[White "Sramek, Vojtech"]
[Black "Nagy, Ladislav"]
[Result "1/2-1/2"]
[WhiteElo "2194"]
[BlackElo "2177"]
[EventDate "2021.06.21"]

1. e4  e5  2. Nf3  Nc6  3. Bc4  Nf6  4. d3  Be7  5. O-O  O-O  6. Re1  d6  7. a4  Be6  8. Nbd2  Qd7  9. a5  a6  10. c3  Rfe8  11. Bxe6  Qxe6  12. Nf1  h6  13. Ng3  Bf8  14. d4  d5  15. exd5  Qxd5  16. dxe5  Nxe5  17. Qxd5  Nxf3+  18. Qxf3  Rxe1+  19. Nf1  Rd8  20. Qxb7  Rdd1  21. Qxa6  Ne4  22. g3  Nc5  23. Qc4  Nd3  24. Kg2  Rxf1  25. Be3  Rg1+  26. Kh3  Rxa1  27. Qxd3  Rxa5  28. Kg4  c5  29. Kf3  Rga1  30. Qd8  Ra8  31. Qb6  1/2-1/2